000 00762nam1a22002171i 4500
001 rc\3561465
005 20260407025925.0
035 _a(NLR Aleph) 007686002
090 _a6589756
_c6589756
100 _a20130115d1976 |||y0rusy50 ca
101 0 _arus
102 _aRU
105 _ay ac |||||
200 1 _aБиблиографический указатель литературы ...
_fГос. науч.-исслед. и проектный ин-т основной химии (НИОХим)
210 _aХарьков
_cБ. и.
_d[1976]
215 _d20
710 0 2 _aНИИ основной химии
_cХарьков
_9521243
_3RU\NLR\AUTH\8810011761
801 0 _aRU
_bNLR
_gpsbo
801 1 _aRU
_bELAR
_2rusmarc
852 _aNLR
_jС121-410/Н34
942 _cBOOK